Paris metro lines with most users - Statistics

General Stats
  • This quiz has been taken 296 times
  • The average score is 7 of 7
Answer Stats
Journeys per year Line % Correct
180 700 000 1
100%
152 200 000 4
100%
136 200 000 7 and 7bis
99%
143 000 000 9
99%
114 000 000 5
98%
115 100 000 6
98%
135 700 000 13
96%
No matching quizzes found
Score Distribution
Percent of People with Each Score
Percentile by Number Answered
Your Score History
You have not taken this quiz